00901nam a22001577a 4500003000900000005001700009008004100026040001300067100005000080245008100130250000600211260006300217300002000280490001900300520042400319IT-RoPau20220918175936.0121213b xxu||||| |||| 00| 0 eng d cIT-RoPau aAlberione GiacomoqFondatore Famiglia Paolina aAbundantes divitiae gratiae suae.bStoria carismatica della Famiglia Paolina aI aRomabCasa Generalizia della Pia Società San Paoloc1998 a191 p.c21,5 cm aOpera OmniavI aSOMMARIO Presentazione Bibliografia essenziale Introduzione Avvertenze ABUNDANTES DIVITIAE GRATIAE SUAE [nn. 1-204] Prefazione [1-6] I. PRIME GRAZIE . VOCAZIONE E MISSIONE PARTICOLARE [7-35] II. ESPERIENZE E ORIENTAMENTI [36 -100] III. VERSO LA FONDAZIONE [101 - 110] IV. PROBLEMI DI CRESCITA E PROSPETTIVE [111 - 150] V. RISORSE CARISMATICHE [151 - 184] VI. GUARDANDO AL FUTURO [185 - 204] APPENDICI INDICI